| 000 | 00673nam a22002177a 4500 | ||
|---|---|---|---|
| 999 |
_c16688 _d16688 |
||
| 003 | AR-CdUCM | ||
| 008 | 190504b ||||| |||| 00| 0 spa d | ||
| 040 |
_aMUNICIPALIDAD PROVINCIAL DEL CUSCO _cBIBLIOTECA MUNICIPAL DEL CUSCO |
||
| 082 |
_a848.8 / _bL49 |
||
| 100 |
_aLeroux, Gastón _936274 |
||
| 245 | _aLa batalla invisible / | ||
| 260 |
_aMadrid : _bM. Aguilar. |
||
| 300 |
_a283 páginas ; _c20 cm. |
||
| 500 | _aAventuras extraordinarias de M. Herbert de Renich. | ||
| 505 | _aContenido: Novela. | ||
| 650 |
_aLiteratutra Francesa _936275 |
||
| 650 |
_aNovela Francesa _910657 |
||
| 650 |
_aSiglo XIX _9971 |
||
| 942 |
_2ddc _cLIBROS |
||
| 945 |
_aachl _d2019-05-04 |
||